书目信息 |
| 题名: |
Python计算与编程实践
|
|
| 作者: | 古茨戴尔 , 埃里克森 著 ;王海鹏 , 孙朝军 译 | |
| 分册: | ||
| 出版信息: | 北京 人民邮电出版社 2020.04 |
|
| 页数: | 394页 | |
| 开本: | 26cm | |
| 丛书名: | ||
| 单 册: | ||
| 中图分类: | TP311.561 | |
| 科图分类: | ||
| 主题词: | 软件工具--ruan jian gong ju--程序设计--高等学校--教材 | |
| 电子资源: | ||
| ISBN: | 978-7-115-52266-5 | |
| 000 | 01622nam0 2200325 450 | |
| 001 | 202020139392 | |
| 005 | 20200926181346.0 | |
| 010 | @a978-7-115-52266-5@dCNY99.00 | |
| 100 | @a20200916d2020 em y0chiy50 ea | |
| 101 | 1 | @achi@ceng |
| 102 | @aCN@b110000 | |
| 105 | @aa z 000yy | |
| 106 | @ar | |
| 200 | 1 | @aPython计算与编程实践@APython ji suan yu bian cheng shi jian@e多媒体方法@f(美) 马克·古茨戴尔, 芭芭拉·埃里克森著@g王海鹏, 孙朝军译 |
| 210 | @a北京@c人民邮电出版社@d2020.04 | |
| 215 | @a394页@c图@d26cm | |
| 305 | @a据原书第4版译出 | |
| 306 | @a由Pearson Education (培生教育出版集团) 授权出版 | |
| 314 | @a马克·古茨戴尔, 美国佐治亚理工学院计算学院交互计算系教授。芭芭拉·埃里克森, 研究科学家、美国佐治亚理工学院计算机学院计算外展系主任。 | |
| 330 | @a全书共17章 (分为4个部分) 和1个附录。第1部分是前6章, 介绍了计算机科学、媒体计算、编程的概念, 以及操作文本、图片、修改像素等编程技巧。第2部分是第7章到第10章, 主要介绍用Python概念对声音媒体进行各种操作。第3部分是第11章到第13章, 主要介绍针对文本、网络、数据库的Python编程, 还介绍了函数式编程、递归的思想和应用。第4部分是第14章到第17章, 主要介绍视频文件的编程操作, 还介绍了面向对象编程的思想和方法。 | |
| 333 | @a国外著名高等院校信息科学与技术优秀教材 | |
| 606 | 0 | @a软件工具@Aruan jian gong ju@x程序设计@x高等学校@j教材 |
| 610 | 0 | @aPython |
| 690 | @aTP311.561@v5 | |
| 701 | 1 | @a古茨戴尔@Agu ci dai er@g(Guzdial, Mark)@4著 |
| 701 | 1 | @a埃里克森@Aai li ke sen@g(Ericson, Barbara)@4著 |
| 702 | 0 | @a王海鹏@Awang hai peng@4译 |
| 702 | 0 | @a孙朝军@Asun chao jun@4译 |
| 801 | 0 | @aCN@c20200422 |
| 905 | @a河南城建学院图书馆@dTP311.561@eG440 | |
| Python计算与编程实践:多媒体方法/(美) 马克·古茨戴尔, 芭芭拉·埃里克森著/王海鹏, 孙朝军译.-北京:人民邮电出版社,2020.04 |
| 394页:图;26cm |
| 使用对象:国外著名高等院校信息科学与技术优秀教材 |
| ISBN 978-7-115-52266-5:CNY99.00 |
| 全书共17章 (分为4个部分) 和1个附录。第1部分是前6章, 介绍了计算机科学、媒体计算、编程的概念, 以及操作文本、图片、修改像素等编程技巧。第2部分是第7章到第10章, 主要介绍用Python概念对声音媒体进行各种操作。第3部分是第11章到第13章, 主要介绍针对文本、网络、数据库的Python编程, 还介绍了函数式编程、递归的思想和应用。第4部分是第14章到第17章, 主要介绍视频文件的编程操作, 还介绍了面向对象编程的思想和方法。 |
| ● |
| 相关链接 |
|
|
|
正题名:Python计算与编程实践
索取号:TP311.561/G440
 
预约/预借
| 序号 | 登录号 | 条形码 | 馆藏地/架位号 | 状态 | 备注 |
| 1 | 1489142 | 214891429 | 自科库301/301自科库 50排6列2层/ [索取号:TP311.561/G440] | 在馆 | |
| 2 | 1489143 | 214891438 | 自科库301/301自科库 50排6列2层/ [索取号:TP311.561/G440] | 在馆 |